00789nam a22001577a 450000500170000000800410001708200150005824501110007326000530018450000410023765000180027870000380029699900170033495201400035195201400049120231103111836.0231103b |||||||| |||| 00| 0 eng d a617.7bAME aRetina and Vitreous-12 :bbasic and clinical science course,2016-2017 /cAmerican academy of Ophthalmology aUK :bAmerican academy of Ophthalmology,cc2016. aAmerican academy of Ophthalmology-12 aOphthalmology aAmerican academy of Ophthalmology c34682d34682 001040708Faculty of Medical SciencesaSIRCbSIRCcMedicald2023-11-03l0o167.7 AME-R 2016p20928r2023-11-03t1w2023-11-03yBKYBK 001040708Faculty of Medical SciencesaSIRCbSIRCcMedicald2023-11-03l0o167.7 AME-R 2016p20929r2023-11-03t2w2023-11-03yBKYBK